Guatemala (Record no. 209)

MARC details
000 -CABECERA
campo de control de longitud fija 00978nam a2200253 a 4500
001 - NÚMERO DE CONTROL
campo de control BRCA_254
005 - FECHA Y HORA DE LA ÚLTIMA TRANSACCIÓN
campo de control 20190320202933.0
008 - DATOS DE LONGITUD FIJA--INFORMACIÓN GENERAL
campo de control de longitud fija 080508s2002----it-a---###---#000-0#ger-#
020 ## - NÚMERO INTERNACIONAL ESTÁNDAR DEL LIBRO
Número Internacional Estándar del Libro 3854970463
040 ## - FUENTE DE LA CATALOGACIÓN
Centro catalogador/agencia de origen OHX
Lengua de catalogación eng
Centro/agencia transcriptor OHX
Centro/agencia modificador CGU
041 ## - CÓDIGO DE LENGUA
Código de lengua del texto/banda sonora o título independiente ger
044 ## - CÓDIGO DEL PAÍS DE LA ENTIDAD EDITORA/PRODUCTORA
Código MARC del país it
050 #4 - SIGNATURA TOPOGRÁFICA DE LA BIBLIOTECA DEL CONGRESO
Número de clasificación N6576
Número de documento/Ítem .G83 2002
245 10 - MENCIÓN DE TÍTULO
Título Guatemala
Resto del título Land des Quetzal von den Maya Zur Spanischen Welt
Mención de responsabilidad, etc. herausgegeben von Wilfried Seipel.
260 ## - PUBLICACIÓN, DISTRIBUCIÓN, ETC.
Lugar de publicación, distribución, etc. Milán
Nombre del editor, distribuidor, etc. Skira
Fecha de publicación, distribución, etc. 2002
300 ## - DESCRIPCIÓN FÍSICA
Extensión 384 p.
Otras características físicas il. (algunas a color), mapas
Dimensiones 28 cm.
500 ## - NOTA GENERAL
Nota general Catálogo de la exposición realizada en el Museum für Völkerkunde, 9 octubre, 2002 - 13 enero, 2003 y en el Centro Cultural de la Villa de Madrid (España), 17 mayo - 21 julio, 2002
500 ## - NOTA GENERAL
Nota general 2do. ejemplar en el Área de Investigación
650 14 - PUNTO DE ACCESO ADICIONAL DE MATERIA--TÉRMINO DE MATERIA
Término de materia o nombre geográfico como elemento de entrada Arte guatemalteco
Subdivisión de forma Exposiciones
9 (RLIN) 610
650 14 - PUNTO DE ACCESO ADICIONAL DE MATERIA--TÉRMINO DE MATERIA
Término de materia o nombre geográfico como elemento de entrada Arte maya
Subdivisión de forma Exposiciones
9 (RLIN) 611
650 14 - PUNTO DE ACCESO ADICIONAL DE MATERIA--TÉRMINO DE MATERIA
Término de materia o nombre geográfico como elemento de entrada Arte colonial
Subdivisión de forma Exposiciones
Subdivisión geográfica Guatemala
9 (RLIN) 612
700 1# - PUNTO DE ACCESO ADICIONAL--NOMBRE DE PERSONA
Nombre de persona Seipel, Wilfried
9 (RLIN) 878
942 ## - ELEMENTOS DE PUNTO DE ACCESO ADICIONAL (KOHA)
Fuente del sistema de clasificación o colocación Library of Congress Classification
Tipo de ítem Koha Libros
Holdings
Estado de retiro Estado de pérdida Estado dañado No para préstamo Localización permanente Ubicación/localización actual Fecha de adquisición Total de préstamos Signatura topográfica completa Código de barras Fecha visto por última vez Precio válido a partir de Tipo de ítem Koha Código de colección
El ejemplar forma parte de la colección y puede ser consultado según las políticas vigentes.       Biblioteca del Museo Franz Mayer (Rogerio Casas-Alatriste) Biblioteca del Museo Franz Mayer (Rogerio Casas-Alatriste) 25/06/2008   N6576 .G83 2002 00315 22/03/2019 22/03/2019 Libros  
El ejemplar forma parte de la colección y puede ser consultado según las políticas vigentes.       Biblioteca del Museo Franz Mayer (Rogerio Casas-Alatriste) Biblioteca del Museo Franz Mayer (Rogerio Casas-Alatriste) 02/02/2012   N6576 .G83 2002 02499 22/03/2019 22/03/2019 Libros Acervo General